000 00602nam a2200217Ii 4500
003 JO-AjNU
008 230606s9999||||xx |||||||||||||| ||und||
020 _a0-07-Y66506
040 _aJO-AjNU
_beng
_erda
_cJO-AjNU
041 _aeng
050 1 4 _aT58.6.L815.1986
100 3 _aLucas,Henry,
_eauthor
_93195
245 0 0 _aInformation SystemsFor Management
250 _a3 ed
264 3 1 _aLondon:Mcgraw hill,2006
300 _a568p
336 _atext
_btxt
_2rdacontent
337 _aunmediated
_bn
_2rdamedia
338 _avolume
_bnc
_2rdacarrier
650 4 _amanagement information system
_93196
999 _aE1673
_c1673
_d1673